| 000 | 00544nam a22002057a 4500 | ||
|---|---|---|---|
| 005 | 20221229114605.0 | ||
| 008 | 221229b ||||| |||| 00| 0 eng d | ||
| 040 | _cAL | ||
| 041 | _aEnglish | ||
| 082 |
_223 _a177 _bWHEW |
||
| 100 |
_aElmer Wheeler _967901 |
||
| 245 | _aWealth Within You | ||
| 260 |
_aSurrey _bThe Worlds Work _c1956 |
||
| 300 |
_a255 p. _bPB _c18x12 cm. |
||
| 650 |
_aSuccess _967902 |
||
| 650 |
_aSuccess in business _967903 |
||
| 650 |
_aSelf-realization _967904 |
||
| 700 |
_aWHEELER (Elmer) _967905 |
||
| 942 |
_2ddc _cDB |
||
| 999 |
_c226113 _d226113 |
||